| 000 | 00868nam a2200253 i 4500 | ||
|---|---|---|---|
| 003 | IT-RoINE | ||
| 005 | 20200504130208.0 | ||
| 008 | 930725r19711896sp |r 1| spa|d | ||
| 040 |
_aSpMaBN _cA2 IT-RoINE |
||
| 100 | 1 |
_aMenéndez Pidal, Ramón, _d1869-1968 _9645 |
|
| 245 | 1 | 3 |
_aLa leyenda de los Infantes de Lara / _cR. Menéndez Pidal. |
| 250 | _a3ª ed. | ||
| 260 |
_aMadrid : _bEspasa-Calpe, _c1971. |
||
| 300 |
_aXVI, 613 p. ; _c24 cm. |
||
| 336 |
_2rdacontent _atext |
||
| 337 |
_2rdamedia _aunmediated |
||
| 338 |
_2rdacarrier _avolume |
||
| 490 | 1 |
_aObras Completas de R. Menéndez Pidal ; _v1 |
|
| 500 | _aIncluye ìndice. | ||
| 504 | _aIncluye referencias bibliogràficas en notas. | ||
| 534 |
_pReprod. de la ed. príncipe de: _c1896 adicionada con una tercera parte |
||
| 830 | 0 |
_940670 _aObras completas de R. Menéndez Pidal _v 1 |
|
| 942 | _cMTS | ||
| 999 |
_c20600 _d20600 |
||